[Event "GER-ch U18 Girls"]
[Site "Oberhof"]
[Date "2012.05.29"]
[Round "4"]
[White "Sancar, Alina"]
[Black "Evers, Annika"]
[Result "0-1"]
[WhiteElo "1870"]
[BlackElo "1775"]
[PlyCount "108"]
[EventDate "2012.05.27"]
[EventType "swiss"]
[EventRounds "9"]
[EventCountry "GER"]
[SourceTitle "CBM 148 Extra"]
[Source "ChessBase"]
[SourceDate "2012.06.22"]
[SourceVersion "1"]
[SourceVersionDate "2012.06.22"]
[SourceQuality "1"]

1. e4 c5 2. Nf3 e6 3. Nc3 Nc6 4. d4 cxd4 5. Nxd4 Nf6 6. Ndb5 d6 7. Bf4 e5 8. Bg5 a6 9. Na3 b5 10. Nd5 Be7 11. Bxf6 Bxf6 12. c3 0-0 13. g3 Ne7 14. Nc2 Nxd5 15. Qxd5 Be6 16. Qd1 d5 17. Bg2 d4 18. cxd4 exd4 19. Qd2 Bc4 20. Nb4 Re8 21. Nd3 Bd5 22. f3 Bg5 23. Nf4 f5 24. 0-0 fxe4 25. Qxd4 Bxf4 26. gxf4 exf3 27. Bxf3 Bxf3 28. Qxd8 Raxd8 29. Rxf3 Rd2 30. Rf2 Ree2 31. Rxe2 Rxe2 32. Rc1 Rxb2 33. Rc8+ Kf7 34. Rc7+ Kf6 35. Rc6+ Kf5 36. Rxa6 Kxf4 37. Ra7 g5 38. Rxh7 Rxa2 39. Rf7+ Kg4 40. Rd7 Rb2 41. Rd4+ Kf3 42. Rd3+ Ke4 43. Rd8 b4 44. h3 b3 45. Rb8 Kf3 46. Rb5 Ke4 47. Rb8 Rb1+ 48. Kg2 Kd3 49. Rd8+ Kc2 50. Rc8+ Kb2 51. Rg8 Rc1 52. Rxg5 Rc3 53. h4 Kc2 54. h5 b2 0-1

[Event "GER-ch U18 Girls"]
[Site "Oberhof"]
[Date "2012.05.28"]
[Round "3"]
[White "Schaefer, Ann Kathrin"]
[Black "Sancar, Alina"]
[Result "0-1"]
[WhiteElo "1711"]
[BlackElo "1870"]
[PlyCount "74"]
[EventDate "2012.05.27"]
[EventType "swiss"]
[EventRounds "9"]
[EventCountry "GER"]
[SourceTitle "CBM 148 Extra"]
[Source "ChessBase"]
[SourceDate "2012.06.22"]
[SourceVersion "1"]
[SourceVersionDate "2012.06.22"]
[SourceQuality "1"]

1. d4 d5 2. Nf3 Nf6 3. e3 Bf5 4. c4 c6 5. Nc3 e6 6. Nh4 Bg4 7. Qb3 Qb6 8. Qxb6 axb6 9. h3 Bh5 10. g4 Bg6 11. Nxg6 hxg6 12. cxd5 exd5 13. Bg2 Be7 14. 0-0 0-0 15. Bd2 Na6 16. a3 Nc7 17. Rac1 Nce8 18. e4 dxe4 19. Nxe4 Nxe4 20. Bxe4 Nf6 21. Bg2 Rfd8 22. Be3 Nd5 23. Bd2 Bf6 24. Be3 Nxe3 25. fxe3 Bg5 26. Rc3 Re8 27. e4 Rad8 28. d5 cxd5 29. exd5 Re2 30. Rc7 f6 31. b4 Ra8 32. Rxb7 Rxa3 33. d6 Rg3 34. Rf2 Re1+ 35. Kh2 Rd3 36. d7 Kh7 37. Rc2 Bf4# 0-1

[Event "GER-chT Lands U21"]
[Site "Xanten"]
[Date "2011.11.01"]
[Round "4.6"]
[White "Sancar, Alina"]
[Black "Kuckling, Hannah"]
[Result "1/2-1/2"]
[WhiteElo "1861"]
[BlackElo "1803"]
[PlyCount "110"]
[EventDate "2011.10.31"]
[EventType "team-swiss"]
[EventRounds "7"]
[EventCountry "GER"]
[SourceTitle "EXT 2022"]
[Source "ChessBase"]
[SourceDate "2021.10.06"]
[SourceVersion "1"]
[SourceVersionDate "2021.10.06"]
[SourceQuality "1"]
[WhiteTeam "Hessen U21"]
[BlackTeam "Nordrhein Westfalen U21"]
[WhiteTeamCountry "GER"]
[BlackTeamCountry "GER"]

1. e4 c5 2. Nc3 e6 3. a3 a6 4. Bc4 Nc6 5. d3 Nf6 6. Ba2 Be7 7. f4 d5 8. exd5 exd5 9. Nf3 0-0 10. 0-0 Bg4 11. Qd2 Bxf3 12. Rxf3 Nd4 13. Rf1 Re8 14. Qd1 b5 15. Be3 Nxc2 16. Qxc2 d4 17. Bf2 dxc3 18. bxc3 Ng4 19. Qd1 Nxf2 20. Rxf2 Bf6 21. Rc1 b4 22. Qb3 Bxc3 23. Qxf7+ Kh8 24. Rf3 Bb2 25. Rcf1 Bxa3 26. Qc4 Qd4+ 27. Qxd4 cxd4 28. Bb3 Bb2 29. Kf2 Bc3 30. Rc1 Reb8 31. Rb1 Rb5 32. Kf1 Ra5 33. Rf2 Ra3 34. Ra2 Rxa2 35. Bxa2 a5 36. Bc4 a4 37. Kf2 b3 38. g4 h6 39. h4 a3 40. Bxb3 a2 41. Bxa2 Rxa2+ 42. Kf3 Rd2 43. Ke4 Re2+ 44. Kf5 Kh7 45. g5 g6+ 46. Kf6 Rb2 47. Rxb2 Bxb2 48. f5 gxf5 49. g6+ Kg8 50. Kxf5 Ba3 51. Kf6 Bf8 52. h5 Bg7+ 53. Ke7 Be5 54. Ke6 Bf4 55. Kf6 Bg5+ 1/2-1/2

[Event "GER-chT Lands U21"]
[Site "Xanten"]
[Date "2011.11.01"]
[Round "3.6"]
[White "Schwarz, Larissa"]
[Black "Sancar, Alina"]
[Result "1-0"]
[WhiteElo "1764"]
[BlackElo "1861"]
[PlyCount "53"]
[EventDate "2011.10.31"]
[EventType "team-swiss"]
[EventRounds "7"]
[EventCountry "GER"]
[SourceTitle "EXT 2022"]
[Source "ChessBase"]
[SourceDate "2021.10.06"]
[SourceVersion "1"]
[SourceVersionDate "2021.10.06"]
[SourceQuality "1"]
[WhiteTeam "Rheinland Pfalz U21"]
[BlackTeam "Hessen U21"]
[WhiteTeamCountry "GER"]
[BlackTeamCountry "GER"]

1. e4 g6 2. Nf3 Bg7 3. c4 d6 4. Nc3 Nd7 5. d4 c5 6. Be3 cxd4 7. Nxd4 Ngf6 8. Be2 Nc5 9. f3 Bd7 10. 0-0 0-0 11. Qd2 a6 12. Rfd1 Rc8 13. Rac1 Qc7 14. Nd5 Nxd5 15. cxd5 Qb8 16. Rc2 b5 17. b4 Na4 18. Rdc1 Rxc2 19. Rxc2 Rc8 20. Qc1 Nb6 21. Nc6 Bxc6 22. Rxc6 Rxc6 23. Qxc6 Nc4 24. Bxc4 bxc4 25. Qxc4 Bb2 26. a4 Kg7 27. b5 1-0

[Event "GER-ch U18 Girls"]
[Site "Oberhof"]
[Date "2011.06.18"]
[Round "9"]
[White "Nguyen Minh, Thuy"]
[Black "Sancar, Alina"]
[Result "1-0"]
[WhiteElo "1937"]
[BlackElo "1795"]
[PlyCount "71"]
[EventDate "2011.06.11"]
[EventType "swiss"]
[EventRounds "9"]
[EventCountry "GER"]
[SourceTitle "CBM 142 Extra"]
[Source "ChessBase"]
[SourceDate "2011.06.27"]
[SourceVersion "1"]
[SourceVersionDate "2011.06.27"]
[SourceQuality "1"]

1. e4 d5 2. exd5 Qxd5 3. Nc3 Qa5 4. d4 Nf6 5. Bc4 Nc6 6. Nge2 Bg4 7. f3 Bh5 8. Bd2 0-0-0 9. a4 Qb4 10. b3 Qd6 11. Be3 a6 12. Qd2 Bg6 13. 0-0 e5 14. Rfd1 Qd7 15. Qc1 Bd6 16. Na2 Qe7 17. c3 exd4 18. Nxd4 Nxd4 19. cxd4 Rhe8 20. Bf2 Qd7 21. b4 Qxa4 22. Bf1 Qb3 23. b5 a5 24. b6 Qxb6 25. d5 c5 26. dxc6 Qxc6 27. Qg5 Re5 28. Qc1 Qxc1 29. Raxc1+ Bc7 30. Rxd8+ Kxd8 31. Nc3 Re6 32. Rd1+ Rd6 33. Rc1 Bb6 34. Nb5 Bxf2+ 35. Kxf2 b6 36. Nxd6 1-0

[Event "GER-ch U18 Girls"]
[Site "Oberhof"]
[Date "2011.06.15"]
[Round "6"]
[White "Bochis, Julia"]
[Black "Sancar, Alina"]
[Result "1/2-1/2"]
[WhiteElo "2128"]
[BlackElo "1795"]
[PlyCount "45"]
[EventDate "2011.06.11"]
[EventType "swiss"]
[EventRounds "9"]
[EventCountry "GER"]
[SourceTitle "CBM 142 Extra"]
[Source "ChessBase"]
[SourceDate "2011.06.27"]
[SourceVersion "1"]
[SourceVersionDate "2011.06.27"]
[SourceQuality "1"]

1. e4 e5 2. Nf3 Nc6 3. Bb5 a6 4. Ba4 Nf6 5. 0-0 Nxe4 6. d4 exd4 7. Re1 d5 8. Nbd2 b5 9. Nxe4 dxe4 10. Rxe4+ Be7 11. Bg5 0-0 12. Bxe7 Nxe7 13. Rxd4 Qe8 14. Bb3 Nc6 15. Rd3 Bg4 16. Re3 Rd8 17. Qe1 Qd7 18. c3 Bxf3 19. Rxf3 Rde8 20. Qf1 Ne5 21. Rf4 Qd2 22. Re4 Ng6 23. Rxe8 1/2-1/2

[Event "GER-ch U18 Girls"]
[Site "Oberhof"]
[Date "2011.06.12"]
[Round "2"]
[White "Sturm, Johanna"]
[Black "Sancar, Alina"]
[Result "0-1"]
[WhiteElo "1606"]
[BlackElo "1795"]
[PlyCount "66"]
[EventDate "2011.06.11"]
[EventType "swiss"]
[EventRounds "9"]
[EventCountry "GER"]
[SourceTitle "CBM 142 Extra"]
[Source "ChessBase"]
[SourceDate "2011.06.27"]
[SourceVersion "1"]
[SourceVersionDate "2011.06.27"]
[SourceQuality "1"]

1. e4 c5 2. c4 g6 3. Ne2 Bg7 4. Nbc3 Nc6 5. d3 a6 6. Be3 Nd4 7. Na4 Qa5+ 8. Bd2 Qc7 9. Rc1 e6 10. b3 d6 11. Nxd4 cxd4 12. Be2 Bd7 13. Nb2 Ne7 14. 0-0 0-0 15. Rc2 Rac8 16. Qc1 Qb8 17. Bh6 Bxh6 18. Qxh6 d5 19. Rcc1 dxe4 20. dxe4 f5 21. exf5 Nxf5 22. Qg5 Bc6 23. Bd3 e5 24. Bxf5 Rxf5 25. Qg3 Qd6 26. Nd3 Qf6 27. Rce1 Rg5 28. Nxe5 Rxg3 29. fxg3 Qd6 30. Nf7 Qa3 31. Re2 Be8 32. Ng5 d3 33. Rd2 Qc5+ 0-1

[Event "GER-chT DLM U20"]
[Site "Stuttgart"]
[Date "2010.11.19"]
[Round "5.6"]
[White "Sancar, Alina"]
[Black "Tran, My Linh"]
[Result "1/2-1/2"]
[WhiteElo "1786"]
[BlackElo "1927"]
[PlyCount "52"]
[EventDate "2010.11.17"]
[EventType "team-tourn"]
[EventRounds "7"]
[EventCountry "GER"]
[SourceTitle "EXT 2022"]
[Source "ChessBase"]
[SourceDate "2021.10.06"]
[SourceVersion "1"]
[SourceVersionDate "2021.10.06"]
[SourceQuality "1"]
[WhiteTeam "Hessen U20 II"]
[BlackTeam "Hessen U20"]
[WhiteTeamCountry "GER"]
[BlackTeamCountry "GER"]

1. d4 Nf6 2. Nf3 e6 3. g3 c5 4. c3 b6 5. Bg2 Bb7 6. 0-0 d5 7. Bf4 Bd6 8. Bxd6 Qxd6 9. Na3 a6 10. Nc2 0-0 11. e3 cxd4 12. exd4 Nbd7 13. Nb4 Qc7 14. Nd3 Rac8 15. Nde5 Nxe5 16. Nxe5 Nd7 17. Qe2 Nxe5 18. Qxe5 a5 19. Qxc7 Rxc7 20. a4 Rc6 21. Rfe1 Ba6 22. Bf1 Bxf1 23. Kxf1 f6 24. Re2 Kf7 25. f4 Re8 26. Kf2 h5 1/2-1/2

[Event "GER-chT DLM U20"]
[Site "Stuttgart"]
[Date "2010.11.17"]
[Round "2.6"]
[White "Schmekel, Florian"]
[Black "Sancar, Alina"]
[Result "0-1"]
[WhiteElo "1561"]
[BlackElo "1786"]
[PlyCount "78"]
[EventDate "2010.11.17"]
[EventType "team-tourn"]
[EventRounds "7"]
[EventCountry "GER"]
[SourceTitle "EXT 2022"]
[Source "ChessBase"]
[SourceDate "2021.10.06"]
[SourceVersion "1"]
[SourceVersionDate "2021.10.06"]
[SourceQuality "1"]
[WhiteTeam "Mecklenburg-Vorpommern U20"]
[BlackTeam "Hessen U20 II"]
[WhiteTeamCountry "GER"]
[BlackTeamCountry "GER"]

1. d4 Nf6 2. c4 g6 3. Nc3 Bg7 4. e4 d6 5. Be2 0-0 6. Bg5 c6 7. Qd2 e5 8. Nf3 Nbd7 9. d5 cxd5 10. cxd5 a6 11. h4 Qa5 12. Bh6 Nc5 13. Bxg7 Kxg7 14. a3 Nb3 15. Qd1 Nxa1 16. Qxa1 b5 17. b4 Qb6 18. Qc1 Bg4 19. Ng1 Rfc8 20. Bxg4 Nxg4 21. Qd2 Qxf2+ 22. Qxf2 Nxf2 23. Kxf2 Rxc3 24. Ne2 Rc2 25. Ra1 Rac8 26. Ke3 Rb2 27. Kd3 Rcc2 28. Re1 Rd2+ 29. Ke3 f5 30. g3 Rdc2 31. Nc1 Rc3+ 32. Nd3 f4+ 33. gxf4 exf4+ 34. Kxf4 Rxd3 35. e5 Rd4+ 36. Kf3 Rb3+ 37. Kg2 dxe5 38. Re2 Rxd5 39. Rc2 Rxa3 0-1

[Event "GER-ch U16 Girls"]
[Site "Oberhof"]
[Date "2010.05.25"]
[Round "4"]
[White "Pohl, Theresa"]
[Black "Sancar, Alina"]
[Result "1/2-1/2"]
[WhiteElo "1821"]
[BlackElo "1790"]
[PlyCount "54"]
[EventDate "2010.05.22"]
[EventType "swiss"]
[EventRounds "9"]
[EventCountry "GER"]
[SourceTitle "CBM 136 Extra"]
[Source "ChessBase"]
[SourceDate "2010.07.02"]
[SourceVersion "2"]
[SourceVersionDate "2010.07.15"]
[SourceQuality "1"]

1. d4 d5 2. c4 dxc4 3. Nc3 e5 4. e3 exd4 5. exd4 g6 6. Bxc4 Bg7 7. Be3 Ne7 8. Nf3 0-0 9. 0-0 Nbc6 10. Rc1 Nf5 11. Bg5 Qd7 12. d5 Nce7 13. Qb3 a6 14. a4 Nd6 15. Bd3 Nef5 16. h3 b6 17. Bf4 Re8 18. Rfe1 Rxe1+ 19. Rxe1 Bb7 20. Qd1 Bxc3 21. bxc3 Bxd5 22. Ne5 Qd8 23. g4 Ne7 24. Bg5 Ndc8 25. c4 Bb7 26. Qe2 Qd6 27. Rd1 Qe6 1/2-1/2

[Event "GER-ch U18 Girls"]
[Site "Willingen"]
[Date "2009.05.31"]
[Round "2"]
[White "Kohm, Vanessa"]
[Black "Sancar, Alina"]
[Result "1/2-1/2"]
[WhiteElo "1779"]
[BlackElo "1759"]
[PlyCount "68"]
[EventDate "2009.05.30"]
[EventType "swiss"]
[EventRounds "9"]
[EventCountry "GER"]
[SourceTitle "CBM 130 Extra"]
[Source "ChessBase"]
[SourceDate "2009.07.02"]
[SourceVersion "2"]
[SourceVersionDate "2009.07.15"]
[SourceQuality "1"]

1. d4 f5 2. c4 d6 3. g3 Nf6 4. Bg2 g6 5. Nf3 Bg7 6. Nc3 0-0 7. 0-0 Nc6 8. Rb1 e5 9. d5 Nb8 10. Bg5 Nbd7 11. Qc1 a6 12. b4 Rb8 13. a4 b6 14. e4 fxe4 15. Nxe4 Qe8 16. Nfd2 Nxe4 17. Nxe4 Nf6 18. Ra1 Bf5 19. Re1 Nxe4 20. Bxe4 Qf7 21. Ra2 Bxe4 22. Rxe4 b5 23. Qd2 Qf5 24. Re1 bxc4 25. Rc1 c3 26. Rxc3 Rxb4 27. Rxc7 Rd4 28. Qc1 Qf3 29. Rd2 Qxd5 30. Rxd4 Qxd4 31. Rxg7+ Kxg7 32. Bh6+ Kg8 33. Bxf8 Kxf8 34. Qc8+ Kg7 1/2-1/2

[Event "GER-ch U18 Girls"]
[Site "Willingen"]
[Date "2009.05.30"]
[Round "1"]
[White "Sancar, Alina"]
[Black "Kickert, Germaine Helene"]
[Result "0-1"]
[WhiteElo "1759"]
[BlackElo "1933"]
[PlyCount "30"]
[EventDate "2009.05.30"]
[EventType "swiss"]
[EventRounds "9"]
[EventCountry "GER"]
[SourceTitle "CBM 130 Extra"]
[Source "ChessBase"]
[SourceDate "2009.07.02"]
[SourceVersion "2"]
[SourceVersionDate "2009.07.15"]
[SourceQuality "1"]

1. d4 Nf6 2. Nf3 d5 3. Bf4 c5 4. e3 Qb6 5. b3 Nc6 6. dxc5 Qxc5 7. c4 dxc4 8. Bxc4 e5 9. Bg3 Bg4 10. Be2 Rd8 11. Nfd2 Bxe2 12. Qxe2 Qc1+ 13. Qd1 Qb2 14. Nc3 Qxc3 15. Rc1 Qa5 0-1

[Event "GER-chT Lands U20"]
[Site "Dresden"]
[Date "2008.11.18"]
[Round "7.8"]
[White "Sancar, Alina"]
[Black "Borukhson, David"]
[Result "1-0"]
[WhiteElo "1503"]
[BlackElo "1202"]
[PlyCount "105"]
[EventDate "2008.11.14"]
[EventType "team-swiss"]
[EventRounds "7"]
[EventCountry "GER"]
[SourceTitle "EXT 2010"]
[Source "ChessBase"]
[SourceDate "2010.11.25"]
[SourceVersion "1"]
[SourceVersionDate "2010.11.25"]
[SourceQuality "1"]
[WhiteTeam "Hessen II"]
[BlackTeam "Schleswig Holstein"]
[WhiteTeamCountry "GER"]
[BlackTeamCountry "GER"]

1. d4 d5 2. c4 c6 3. e3 Nf6 4. Nc3 e6 5. Nf3 Nbd7 6. a3 Be7 7. Be2 0-0 8. c5 Qc7 9. Bd2 e5 10. dxe5 Nxe5 11. b4 Bf5 12. 0-0 Rad8 13. h3 Rfe8 14. Nd4 Bg6 15. Qa4 Rc8 16. Rac1 a6 17. Qb3 Qd7 18. Na4 Ne4 19. Bc3 Qc7 20. Nb6 Rcd8 21. Nf3 Nxf3+ 22. Bxf3 Nxc3 23. Qxc3 Bf6 24. Qb3 d4 25. exd4 Bxd4 26. Rfe1 Rxe1+ 27. Rxe1 Qg3 28. Qa2 Kf8 29. Qe2 Qc7 30. Bg4 f5 31. Bf3 Re8 32. Qd2 Rxe1+ 33. Qxe1 Be8 34. Nc4 Qf4 35. Nd6 Qe5 36. Qb1 g6 37. Nxb7 Qb8 38. Nd6 Bxc5 39. Nxe8 Kxe8 40. Qe1+ Be7 41. Bxc6+ Kf7 42. Bd5+ Ke8 43. Qe6 Qd6 44. Qc8+ Bd8 45. Bc6+ Ke7 46. Qxa6 Bc7 47. Qe2+ Kf7 48. Qe8+ Kg7 49. Qd7+ Kh6 50. Qxd6 Bxd6 51. Kf1 Kg7 52. Ke2 Kf6 53. Kd3 1-0

[Event "GER-chT Lands U20"]
[Site "Dresden"]
[Date "2008.11.16"]
[Round "5.8"]
[White "Sancar, Alina"]
[Black "Puffay, Jana"]
[Result "1-0"]
[WhiteElo "1503"]
[BlackElo "1109"]
[PlyCount "41"]
[EventDate "2008.11.14"]
[EventType "team-swiss"]
[EventRounds "7"]
[EventCountry "GER"]
[SourceTitle "EXT 2010"]
[Source "ChessBase"]
[SourceDate "2010.11.25"]
[SourceVersion "1"]
[SourceVersionDate "2010.11.25"]
[SourceQuality "1"]
[WhiteTeam "Hessen II"]
[BlackTeam "Saarland"]
[WhiteTeamCountry "GER"]
[BlackTeamCountry "GER"]

1. d4 d5 2. c4 e6 3. e3 Nf6 4. Nf3 Nc6 5. Nc3 Bd6 6. Bd2 b6 7. a3 Ba6 8. Qa4 Bb7 9. c5 bxc5 10. dxc5 Bxc5 11. Bb5 Qd7 12. Ne5 Qd6 13. Bxc6+ Bxc6 14. Qxc6+ Qxc6 15. Nxc6 Kd7 16. Ne5+ Ke7 17. 0-0 d4 18. Nc6+ Kd6 19. Nxd4 Ke5 20. Ncb5 Nd5 21. Rac1 1-0

[Event "GER-chT Lands U20"]
[Site "Dresden"]
[Date "2008.11.14"]
[Round "1.8"]
[White "Sancar, Alina"]
[Black "Spiegelberg, Silvia"]
[Result "1-0"]
[WhiteElo "1503"]
[BlackElo "1535"]
[PlyCount "67"]
[EventDate "2008.11.14"]
[EventType "team-swiss"]
[EventRounds "7"]
[EventCountry "GER"]
[SourceTitle "EXT 2010"]
[Source "ChessBase"]
[SourceDate "2010.11.25"]
[SourceVersion "1"]
[SourceVersionDate "2010.11.25"]
[SourceQuality "1"]
[WhiteTeam "Hessen II"]
[BlackTeam "Baden"]
[WhiteTeamCountry "GER"]
[BlackTeamCountry "GER"]

1. d4 Nf6 2. Nf3 c5 3. c3 e6 4. Bf4 d5 5. e3 Bd6 6. Bxd6 Qxd6 7. Nbd2 c4 8. Qc2 Nc6 9. e4 Nxe4 10. Nxe4 dxe4 11. Qxe4 Qd5 12. Nd2 b5 13. a4 Bb7 14. Qxd5 exd5 15. axb5 Ne7 16. b3 cxb3 17. Nxb3 Nf5 18. Nc5 Nd6 19. Bd3 Bc8 20. 0-0 0-0 21. Rfe1 g6 22. Re7 Rb8 23. Raxa7 Nxb5 24. Bxb5 Rxb5 25. h3 Rb1+ 26. Kh2 Rb2 27. f3 Rc2 28. Na4 Be6 29. Rac7 Ra8 30. Nc5 Raa2 31. Re8+ Kg7 32. Nxe6+ Kh6 33. Nf4 Kg7 34. Ree7 1-0

[Event "GER-chT WK 3 U16"]
[Site "Kiel"]
[Date "2007.05.17"]
[Round "4.3"]
[White "Carmesin, Matthias"]
[Black "Sancar, Alina"]
[Result "1-0"]
[WhiteElo "1610"]
[BlackElo "1510"]
[PlyCount "49"]
[EventDate "2007.05.17"]
[EventType "team-swiss"]
[EventRounds "7"]
[EventCountry "GER"]
[SourceTitle "EXT 2008"]
[Source "ChessBase"]
[SourceDate "2007.11.25"]
[SourceVersion "1"]
[SourceVersionDate "2007.11.25"]
[SourceQuality "1"]

1. e4 d5 2. exd5 Qxd5 3. Nc3 Qd6 4. d4 Nf6 5. Nf3 a6 6. g3 Bg4 7. Bf4 Qd7 8. Bg2 Nc6 9. d5 Na5 10. Qd3 Bf5 11. Qd4 b5 12. Ne5 Qd8 13. 0-0 Rc8 14. h4 Nc4 15. Nxc4 bxc4 16. Qxc4 Bxc2 17. Qxa6 Bg6 18. Rac1 c6 19. dxc6 Bd3 20. Qa4 Ra8 21. c7+ Rxa4 22. cxd8Q+ Kxd8 23. Nxa4 Bxf1 24. Kxf1 e6 25. Nb6 1-0

[Event "GER-chT WK 3 U16"]
[Site "Kiel"]
[Date "2007.05.17"]
[Round "1.3"]
[White "Maslowski, Kai"]
[Black "Sancar, Alina"]
[Result "0-1"]
[WhiteElo "1308"]
[BlackElo "1510"]
[PlyCount "74"]
[EventDate "2007.05.17"]
[EventType "team-swiss"]
[EventRounds "7"]
[EventCountry "GER"]
[SourceTitle "EXT 2008"]
[Source "ChessBase"]
[SourceDate "2007.11.25"]
[SourceVersion "1"]
[SourceVersionDate "2007.11.25"]
[SourceQuality "1"]

1. d4 f5 2. c4 Nf6 3. Nc3 g6 4. Bg5 Bg7 5. e3 d6 6. Nf3 0-0 7. Be2 Be6 8. 0-0 Bf7 9. a3 Nbd7 10. d5 e5 11. dxe6 Bxe6 12. Nd5 c6 13. Nf4 Qe7 14. Nxe6 Qxe6 15. Rb1 d5 16. Qc2 Rac8 17. Rfc1 Nb6 18. b3 Ne4 19. Bf4 Nc3 20. Nd4 Bxd4 21. exd4 Nxe2+ 22. Kf1 Nxf4 23. c5 Nd7 24. g3 Nh5 25. Re1 Qf7 26. Re2 Rfe8 27. Rd2 Nhf6 28. f3 Re3 29. Kf2 Rce8 30. b4 Rxa3 31. Re2 Rxe2+ 32. Qxe2 Qe8 33. Qb2 Qe3+ 34. Kg2 Qxf3+ 35. Kg1 Ne4 36. Rf1 Qe3+ 37. Kg2 Rd3 0-1

[Event "GER-chT WK 3 U16"]
[Site "Kiel"]
[Date "2007.05.17"]
[Round "2.3"]
[White "Sancar, Alina"]
[Black "Raider, Eugen"]
[Result "1-0"]
[WhiteElo "1510"]
[BlackElo "1282"]
[PlyCount "81"]
[EventDate "2007.05.17"]
[EventType "team-swiss"]
[EventRounds "7"]
[EventCountry "GER"]
[SourceTitle "EXT 2008"]
[Source "ChessBase"]
[SourceDate "2007.11.25"]
[SourceVersion "1"]
[SourceVersionDate "2007.11.25"]
[SourceQuality "1"]

1. d4 Nf6 2. c4 e5 3. d5 Bc5 4. e3 0-0 5. a3 a5 6. Nc3 d6 7. h3 Bf5 8. Nf3 Na6 9. Bd3 Bxd3 10. Qxd3 Ba7 11. e4 Nc5 12. Qc2 a4 13. Nd2 Nfd7 14. 0-0 Qg5 15. b4 axb3 16. Nxb3 Qg6 17. Nxc5 Nxc5 18. Be3 Na6 19. Bxa7 Rxa7 20. f4 Re8 21. f5 Qf6 22. Rab1 Nc5 23. Nb5 Ra4 24. Nxc7 Rc8 25. Nb5 Qd8 26. Rb4 Rxb4 27. axb4 Na6 28. Rb1 Qb6+ 29. Kh1 Nc7 30. Na3 Qe3 31. Rb3 Qe1+ 32. Kh2 Na6 33. Qb1 Qf2 34. Rf3 Qd4 35. Nb5 Qxc4 36. Nxd6 Qc1 37. Qxc1 Rxc1 38. Nxb7 Nxb4 39. Rb3 Na6 40. Rb6 Nb8 41. Nc5 1-0

[Event "GER-chT WK 3 U16"]
[Site "Kiel"]
[Date "2007.05.17"]
[Round "5.3"]
[White "Sancar, Alina"]
[Black "Scheruebl, Maximilian"]
[Result "0-1"]
[WhiteElo "1510"]
[BlackElo "1436"]
[PlyCount "110"]
[EventDate "2007.05.17"]
[EventType "team-swiss"]
[EventRounds "7"]
[EventCountry "GER"]
[SourceTitle "EXT 2008"]
[Source "ChessBase"]
[SourceDate "2007.11.25"]
[SourceVersion "1"]
[SourceVersionDate "2007.11.25"]
[SourceQuality "1"]

1. d4 Nf6 2. c4 d5 3. cxd5 Nxd5 4. e4 Nf6 5. Nc3 e6 6. a3 e5 7. d5 c6 8. Bc4 Bc5 9. Nge2 0-0 10. 0-0 cxd5 11. Bxd5 Nxd5 12. Nxd5 Nc6 13. b4 Bb6 14. Bb2 f6 15. Nec3 Bd4 16. Rc1 Be6 17. Qc2 Rc8 18. Qd3 a6 19. Ba1 Ne7 20. Nxe7+ Qxe7 21. Nd5 Bxd5 22. Bxd4 exd4 23. exd5 Qe5 24. Rcd1 Qxd5 25. Qxd4 Qxd4 26. Rxd4 Rfd8 27. Rxd8+ Rxd8 28. Rc1 Rd3 29. Ra1 Kf7 30. Kf1 Ke6 31. Ke2 Rb3 32. Kd2 Kd5 33. Kc2 Kc4 34. h3 Rc3+ 35. Kd2 g5 36. Re1 Rxa3 37. Re7 b5 38. Rxh7 Kxb4 39. h4 gxh4 40. Rxh4+ Ka5 41. Rf4 b4 42. Rxf6 Ra2+ 43. Kc1 Ka4 44. g4 a5 45. g5 b3 46. Rf4+ Ka3 47. Rf3 Rc2+ 48. Kd1 Ka2 49. Rf5 a4 50. Rf4 a3 51. Rb4 Rxf2 52. g6 Rg2 53. g7 Rxg7 54. Re4 Rg2 55. Re3 b2 0-1

[Event "GER-ch U12"]
[Site "Willingen"]
[Date "2006.06.09"]
[Round "11"]
[White "Sancar, Alina"]
[Black "Rafayevych, Vilen"]
[Result "1/2-1/2"]
[WhiteElo "1330"]
[BlackElo "1448"]
[PlyCount "76"]
[EventDate "2006.06.03"]
[EventType "swiss"]
[EventRounds "11"]
[EventCountry "GER"]
[SourceTitle "EXT 2007"]
[Source "ChessBase"]
[SourceDate "2006.11.23"]
[SourceVersion "1"]
[SourceVersionDate "2006.11.23"]
[SourceQuality "1"]

1. e4 c5 2. c3 d5 3. exd5 Qxd5 4. d4 Nf6 5. Nf3 e6 6. Be2 Nc6 7. a3 cxd4 8. cxd4 Qd8 9. Nc3 Be7 10. 0-0 0-0 11. Be3 Ng4 12. Qe1 h5 13. h3 Nf6 14. Rd1 b6 15. Ne5 Bb7 16. Bf3 Rc8 17. Qe2 h4 18. Rfe1 Na5 19. Bxb7 Nxb7 20. Qa6 Na5 21. Ne2 Nd5 22. b4 Nc7 23. Qd3 Nb7 24. Nc6 Qd7 25. Rc1 a6 26. Bf4 Bd6 27. Bg5 Nd5 28. Ne5 Bxe5 29. dxe5 Rxc1 30. Rxc1 b5 31. Bxh4 Rc8 32. Qd1 Rxc1 33. Qxc1 Nb6 34. Bg3 Nc4 35. a4 Nd8 36. axb5 axb5 37. f4 Nc6 38. Be1 Qd3 1/2-1/2

[Event "GER-ch U12"]
[Site "Willingen"]
[Date "2006.06.05"]
[Round "5"]
[White "Sancar, Alina"]
[Black "Klek, Hanna Marie"]
[Result "1/2-1/2"]
[WhiteElo "1330"]
[BlackElo "1668"]
[PlyCount "57"]
[EventDate "2006.06.03"]
[EventType "swiss"]
[EventRounds "11"]
[EventCountry "GER"]
[SourceTitle "EXT 2007"]
[Source "ChessBase"]
[SourceDate "2006.11.23"]
[SourceVersion "1"]
[SourceVersionDate "2006.11.23"]
[SourceQuality "1"]

1. e4 d5 2. exd5 Qxd5 3. d4 Nc6 4. Be3 Nf6 5. c4 Qd8 6. Nc3 Bf5 7. a3 e6 8. Nf3 Bd6 9. Be2 a6 10. Nh4 Bg6 11. Nxg6 hxg6 12. h3 Qd7 13. b4 0-0 14. 0-0 Rfd8 15. Qb3 Bf8 16. Rad1 Qe8 17. Rd2 Ne7 18. Bf4 c6 19. Bc7 Rdc8 20. Bb6 Nd7 21. Na4 Nf5 22. Re1 Bd6 23. Bf3 Bc7 24. Bxc7 Rxc7 25. d5 b5 26. Nc3 cxd5 27. cxd5 Rac8 28. Ne4 e5 29. Qd3 1/2-1/2